000 00505nam a2200157 i 4500
001 59967
003 ES-MaACL
005 20230906164130.0
007 t|
008 031031s1919 fr ||||1| fre d
100 1 _aEsnault, Gaston.
_947735
245 1 3 _aLe poilu tel qu'il se parle
_b: diccionaire des termes populaires, empliyes aus armées en 1914-1918 /
_cGaston Esnault.
260 _a[S.l. :
_bs.n.,
_c1919] (
_eSaint Amand :
_fBussière)
300 _a603 p. ;
_c17 cm.
852 _aES-MaACL
_jF-3018
999 _c59967
_d59967